[Event "FRA-chT2 0910"]
[Site "France"]
[Date "2010.01.24"]
[Round "7.7"]
[White "Michel, Rodolphe"]
[Black "Engelmann, Herve"]
[Result "0-1"]
[WhiteElo "1770"]
[BlackElo "2069"]
[PlyCount "92"]
[EventDate "2009.09.27"]
[EventType "team-tourn"]
[EventRounds "11"]
[EventCountry "FRA"]
[SourceTitle "EXT 2011"]
[Source "ChessBase"]
[SourceDate "2010.11.26"]
[SourceVersion "1"]
[SourceVersionDate "2010.11.26"]
[SourceQuality "1"]

1. e4 e5 2. Nf3 Nc6 3. d4 exd4 4. Bc4 Nf6 5. 0-0 Bc5 6. Bg5 d6 7. h3 h6 8. Bxf6 Qxf6 9. c3 0-0 10. Qd3 Ne5 11. Nxe5 dxe5 12. Nd2 Rd8 13. Nb3 Bb6 14. Rad1 c5 15. Bd5 Be6 16. c4 Rd7 17. Nd2 Rf8 18. Qb3 Rb8 19. Qb5 Re7 20. a4 Bd7 21. Qb3 Bc7 22. Qc2 Qg6 23. Kh2 Kh8 24. b3 f5 25. Qd3 b6 26. Nf3 Qh5 27. Rde1 Rf8 28. Ng1 g5 29. Kh1 f4 30. Qd1 g4 31. Kh2 Rg7 32. Kh1 f3 33. g3 gxh3 34. Kh2 Qg4 35. Qc1 Rg5 36. Rd1 h5 37. Rd3 h4 38. Qe1 b5 39. Nxf3 Rxf3 40. Rxf3 Qxf3 41. Rg1 d3 42. Qd2 hxg3+ 43. fxg3 Qe2+ 44. Qxe2 dxe2 45. Re1 Bg4 46. axb5 Ba5 0-1